000 01864cam a22005054i 4500
003 PE-LiUPU
005 20250731165454.0
008 150623s r 000 0 d
020 _a0800660307
035 _a(Sirsi) i9780800660307
040 _aPE-LiUPU
_bspa
_cPE-LiUPU
_erda
049 _aPRUA
082 0 4 _a225.077
_bH
_221
100 1 _aAchtemeier, Paul J.,
_eautor.
245 1 0 _a1 Peter :
_ba commentary on first Peter.
_n60 /
_cPaul J. Achtemeier.
264 1 _aMinneapolis, MN :
_bFortress Press,
_c1996.
300 _a423 páginas ;
_c24 centímetros
336 _atext
_2rdacontent
337 _aunmediated
_2rdamedia
338 _avolume
_2rdacarrier
490 0 _aHermeneia - a critical and historical commentary on the Bible
504 _aIncluye bibliografía.
505 0 _aAuthorship. -Date. -Readers. -Literary shape of 1 Peter. -Commentary : Epistolary opening. -Proemium. -Body opening. -Body middle. -Body closing. -Epistolary closing.
526 _aSEG44
526 _aSEG26
526 _aP151
526 _aP150
526 _aP149
526 _aP146
526 _aP145
526 _aP126
526 _aP125
526 _aP92
526 _aP75
526 _aP74
526 _aP27
526 _aP15
630 _aBiblia.
_pN.T.
_pPedro I
_xComentarios.
942 _2ddc
_cBOOK
949 _aRC 225.077 H 60
_wDEWEY
_c1
_i44761
_lCCODEBUL1
_mBUL
_r0
_sY
_tBOOK
_u2015-6-24
_xTEOLOGIA
_PP35
_0COMPRA
_o.CIRCNOTE. No olvidar cambiar la fecha de devolución!!!!!!!
_o.STAFF. Colección General
994 _aC0
_bPEPRU
596 _a1
999 _aRC 225.077 H 60
_wDEWEY
_c21628
_i44761
_d21628
_f2021-11-8
_g6
_lCCODEBUL1
_mBUL
_q1
_r1
_sY
_tBOOK
_u2015-6-24
_xTEOLOGIA
_PP35
_0COMPRA
_o.CIRCNOTE. No olvidar cambiar la fecha de devolución!!!!!!!
_o.STAFF. Colección General
980 _81
_gALBERTO SANCHEZ Responsable de Automatización